[Event "Ontario op"]
[Site "Toronto CAN"]
[Date "2010.05.24"]
[Round "5"]
[White "Kagramanov, Dalia"]
[Black "Tang, Leslie"]
[Result "1-0"]
[WhiteElo "2012"]
[BlackElo "1612"]
[PlyCount "92"]
[EventDate "2010.05.22"]
[EventType "swiss"]
[EventRounds "6"]
[EventCountry "CAN"]

1. e4 c5 2. Nf3 Nc6 3. d4 cxd4 4. Nxd4 d6 5. Nc3 a6 6. Bc4 Nf6 7. Bb3 g6 8. h3
Bg7 9. Be3 O-O 10. Qd2 Bd7 11. g4 Rc8 12. O-O-O b5 13. g5 b4 14. gxf6 bxc3 15.
bxc3 exf6 16. Ne2 Qa5 17. Qxd6 Rfd8 18. Qc5 Qc7 19. f4 Rb8 20. Nd4 Bf8 21. Qc4
Be8 22. Rhg1 Qd7 23. f5 Ne5 24. Qxa6 Qe7 25. fxg6 hxg6 26. Bf4 Kh7 27. h4 Ra8
28. Qe2 Qc5 29. Rg3 Rac8 30. Kd2 Bb5 31. Qf2 Ng4 32. Qg1 Bh6 33. Bxh6 Nxh6 34.
Kc1 Qa3+ 35. Kb1 Bc4 36. Qe3 Bxb3 37. cxb3 Qc5 38. Qf4 Qe5 39. Rf1 Qe7 40. Re3
Rd7 41. Qf3 Re8 42. Re2 Rd6 43. h5 Kg7 44. Rg1 g5 45. Nf5+ Nxf5 46. Qxf5 Qe5
1-0

[Event "Ontario op"]
[Site "Toronto CAN"]
[Date "2010.05.24"]
[Round "5"]
[White "Kleinman, Michael"]
[Black "Barrios, Felix"]
[Result "1-0"]
[WhiteElo "2232"]
[BlackElo "2174"]
[PlyCount "73"]
[EventDate "2010.05.22"]
[EventType "swiss"]
[EventRounds "6"]
[EventCountry "CAN"]

1. e4 c5 2. Nc3 e6 3. Nf3 Nc6 4. Bb5 Nd4 5. Bc4 a6 6. Nxd4 cxd4 7. Ne2 Qc7 8.
d3 Qc5 9. c3 dxc3 10. Nxc3 Nf6 11. Bb3 d6 12. d4 Qa5 13. O-O Be7 14. Be3 O-O
15. Rc1 Bd7 16. Qd2 Bd8 17. f3 Kh8 18. g4 Bb6 19. Qf2 Qb4 20. Rfd1 a5 21. Ne2
Rae8 22. g5 Ng8 23. Bd2 Qb5 24. Nc3 Qa6 25. Be3 a4 26. Bc2 a3 27. Bd3 Qa5 28.
b4 Qa7 29. Bf1 Ne7 30. Qg3 e5 31. Bf2 f6 32. dxe5 fxe5 33. Rxd6 Bc6 34. Nd5
Nxd5 35. exd5 Bxf2+ 36. Qxf2 Qb8 37. Re6 1-0

[Event "Ontario op"]
[Site "Toronto CAN"]
[Date "2010.05.24"]
[Round "5"]
[White "Kryvoruchko, Yuriy"]
[Black "Campbell, Brett"]
[Result "1/2-1/2"]
[WhiteElo "2174"]
[BlackElo "2270"]
[PlyCount "92"]
[EventDate "2010.05.22"]
[EventType "swiss"]
[EventRounds "6"]
[EventCountry "CAN"]

1. e4 g6 2. d4 Bg7 3. Nc3 c6 4. Nf3 d6 5. Bc4 Nf6 6. Bb3 O-O 7. O-O Bg4 8. h3
Bxf3 9. Qxf3 e5 10. dxe5 dxe5 11. Be3 Nbd7 12. Rad1 Qe7 13. Rd2 Nc5 14. Bxc5
Qxc5 15. Rfd1 Qe7 16. Qe3 Rfe8 17. g4 h6 18. a4 b6 19. Qe2 Rac8 20. Qc4 Rc7 21.
Rd6 Rec8 22. Qd3 Bf8 23. Qf3 Kg7 24. R6d2 Nh7 25. Qg3 Qf6 26. Rd7 Be7 27. Kg2
Nf8 28. R7d3 Ne6 29. Ne2 Nf4+ 30. Nxf4 exf4 31. Qf3 g5 32. c3 Qe5 33. Rd7 Rxd7
34. Rxd7 Rc7 35. Rxc7 Qxc7 36. Qd3 Bc5 37. Kf3 Kf6 38. e5+ Qxe5 39. Qh7 Ke7 40.
Qxf7+ Kd6 41. Qg6+ Kc7 42. Qh7+ Qe7 43. Qxe7+ Bxe7 44. Ke4 Bc5 45. f3 Kd6 46.
Kf5 Bf2 1/2-1/2

[Event "Ontario op"]
[Site "Toronto CAN"]
[Date "2010.05.24"]
[Round "5"]
[White "Mahoney, Ian"]
[Black "Florea, Alexandru"]
[Result "0-1"]
[WhiteElo "1704"]
[BlackElo "2050"]
[PlyCount "58"]
[EventDate "2010.05.22"]
[EventType "swiss"]
[EventRounds "6"]
[EventCountry "CAN"]

1. d4 Nf6 2. c4 e6 3. Nf3 d5 4. Nc3 Be7 5. Bg5 O-O 6. e3 h6 7. Bh4 Ne4 8. Bxe7
Qxe7 9. Rc1 Nxc3 10. Rxc3 dxc4 11. Bxc4 Nd7 12. Bb3 c6 13. O-O Rd8 14. Qd3 e5
15. Bc2 g6 16. Qe4 f5 17. Bb3+ Kg7 18. Qc2 e4 19. Nd2 Nf6 20. f3 exf3 21. Rxf3
Be6 22. Bxe6 Qxe6 23. Rb3 Rd7 24. Nc4 Ne4 25. Ne5 Rc7 26. a3 Rac8 27. Rf1 c5
28. Qc4 Qxc4 29. Nxc4 cxd4 0-1

[Event "Ontario op"]
[Site "Toronto CAN"]
[Date "2010.05.24"]
[Round "5"]
[White "Plotkin, Victor"]
[Black "Sambuev, Bator"]
[Result "0-1"]
[WhiteElo "2422"]
[BlackElo "2612"]
[PlyCount "74"]
[EventDate "2010.05.22"]
[EventType "swiss"]
[EventRounds "6"]
[EventCountry "CAN"]

1. e4 Nf6 2. e5 Nd5 3. d4 d6 4. Nf3 Bg4 5. Be2 c6 6. O-O Bxf3 7. Bxf3 dxe5 8.
dxe5 e6 9. c4 Ne7 10. Qxd8+ Kxd8 11. Be4 Nd7 12. f4 Kc7 13. Nc3 Nf5 14. Re1 Nc5
15. Rd1 Be7 16. Kf2 Rhd8 17. Be3 h5 18. Ke2 Nxe3 19. Kxe3 f6 20. exf6 Bxf6 21.
Bf3 e5 22. f5 Rd4 23. Be2 Bg5+ 24. Kf2 Rf8 25. g3 Rxf5+ 26. Kg2 Bd2 27. Rf1
Rxf1 28. Rxf1 Bxc3 29. Rf7+ Kb6 30. bxc3 Rd2 31. Kf3 Rxa2 32. Rxg7 a5 33. Ke3
a4 34. Rf7 a3 35. Rf1 Rb2 36. Ra1 a2 37. Bxh5 Nb3 0-1

[Event "Ontario op"]
[Site "Toronto CAN"]
[Date "2010.05.24"]
[Round "5"]
[White "Smith, Bryan"]
[Black "Gelis, Paul"]
[Result "1-0"]
[WhiteElo "2296"]
[BlackElo "2198"]
[PlyCount "65"]
[EventDate "2010.05.22"]
[EventType "swiss"]
[EventRounds "6"]
[EventCountry "CAN"]

1. e4 c6 2. d4 d5 3. e5 Bf5 4. Nf3 e6 5. Be2 c5 6. Be3 Nd7 7. Nbd2 Rc8 8. c4
Ne7 9. O-O Nc6 10. Rc1 Be7 11. cxd5 exd5 12. dxc5 O-O 13. Nb3 Ndxe5 14. Nxe5
Nxe5 15. Nd4 Bd7 16. b4 a5 17. a3 axb4 18. axb4 Ra8 19. b5 Bf6 20. Qb3 Ng4 21.
Bxg4 Bxg4 22. c6 Bxd4 23. Bxd4 bxc6 24. Qg3 Qg5 25. h3 cxb5 26. Qxg4 Qxg4 27.
hxg4 Ra4 28. Rfd1 Rc4 29. f3 Rfc8 30. Rb1 b4 31. Bf2 Rc2 32. Rxb4 h6 33. Rbd4
1-0

[Event "Ontario op"]
[Site "Toronto CAN"]
[Date "2010.05.24"]
[Round "5"]
[White "Wang, Jesse BJ"]
[Black "Southam, David"]
[Result "0-1"]
[WhiteElo "2053"]
[BlackElo "2119"]
[PlyCount "118"]
[EventDate "2010.05.22"]
[EventType "swiss"]
[EventRounds "6"]
[EventCountry "CAN"]

1. e4 e6 2. d4 d5 3. Nc3 Bb4 4. exd5 exd5 5. Bd3 Nc6 6. Nf3 Bg4 7. a3 Bxc3+ 8.
bxc3 Nge7 9. O-O h6 10. Rb1 b6 11. Bf4 O-O 12. Kh1 Re8 13. Qd2 Bf5 14. Ne5 Nxe5
15. Bxe5 Qd7 16. Rfe1 Bxd3 17. cxd3 Nc6 18. Bg3 Rxe1+ 19. Rxe1 Re8 20. Kg1 Kf8
21. Kf1 Nd8 22. Rxe8+ Kxe8 23. Qe3+ Ne6 24. f4 Kd8 25. Bh4+ f6 26. f5 Ng5 27.
Bxg5 hxg5 28. Qh3 Kc8 29. g4 Kb7 30. Qg2 Qd6 31. a4 Qf4+ 32. Ke2 c6 33. Qg1 Ka6
34. h3 Ka5 35. c4 Ka6 36. cxd5 cxd5 37. Kd1 Qf3+ 38. Kc2 Qxh3 39. Kc3 Qh8 40.
Qe3 Qd8 41. Qe6 Kb7 42. Kb3 Kc7 43. Qf7+ Qd7 44. Qg8 Kb7 45. Qf8 Ka6 46. Qg8
Ka5 47. Kc3 Kxa4 48. Qe6 Qd8 49. Qf7 a5 50. Qxg7 b5 51. Qb7 Qd6 52. Kc2 Qh2+
53. Kb1 Qg1+ 54. Kc2 Qf2+ 55. Kb1 Qe1+ 56. Kc2 Qe2+ 57. Kc1 Qxd3 58. Qxd5 Qc4+
59. Qxc4+ bxc4 0-1

[Event "Ontario op"]
[Site "Toronto CAN"]
[Date "2010.05.24"]
[Round "5"]
[White "Wight, Keith"]
[Black "Tonakanian, Stephan"]
[Result "1-0"]
[WhiteElo "1975"]
[BlackElo "2008"]
[PlyCount "87"]
[EventDate "2010.05.22"]
[EventType "swiss"]
[EventRounds "6"]
[EventCountry "CAN"]

1. e4 e6 2. d4 d5 3. Nd2 c5 4. exd5 Qxd5 5. Ngf3 cxd4 6. Bc4 Qd8 7. O-O Nf6 8.
Nb3 Nc6 9. Nbxd4 Nxd4 10. Nxd4 Be7 11. c3 O-O 12. Qe2 a6 13. a4 Qc7 14. Nf3 b6
15. Ne5 Nd5 16. Rd1 Bb7 17. Bb3 Bd6 18. f4 Kh8 19. Bc2 Bc5+ 20. Kh1 Rad8 21.
Bd2 Nf6 22. Be1 Ba8 23. Bh4 Qb7 24. Rf1 Be7 25. Rad1 g6 26. Rxd8 Bxd8 27. Rd1
Nd5 28. Bg3 f6 29. Nf3 Qc8 30. Nd4 Re8 31. f5 e5 32. fxg6 Bc7 33. Qh5 Re7 34.
Nf5 Qf8 35. Nxe7 Qxe7 36. Bh4 h6 37. Qxh6+ Kg8 38. Qh7+ Qxh7 39. gxh7+ Kg7 40.
Rxd5 Bxd5 41. Bxf6+ Kxf6 42. h8=Q+ Ke6 43. Qc8+ Kd6 44. Bf5 1-0

[Event "Ontario op"]
[Site "Toronto CAN"]
[Date "2010.05.24"]
[Round "6"]
[White "Barrios, Felix"]
[Black "Wight, Keith"]
[Result "1-0"]
[WhiteElo "2174"]
[BlackElo "1975"]
[PlyCount "85"]
[EventDate "2010.05.22"]
[EventType "swiss"]
[EventRounds "6"]
[EventCountry "CAN"]

1. d4 Nf6 2. c4 c5 3. d5 b5 4. cxb5 a6 5. bxa6 g6 6. g3 Bg7 7. Bg2 d6 8. Bd2
Nxa6 9. Nh3 O-O 10. Nf4 Bf5 11. Nc3 Nb4 12. O-O Qb6 13. e4 Bg4 14. Qb3 Rfb8 15.
h3 Bc8 16. a3 Na6 17. Qxb6 Rxb6 18. Rfb1 Nd7 19. b4 cxb4 20. axb4 Rab8 21. Nd3
Ne5 22. Nxe5 Bxe5 23. b5 Nc5 24. Ra7 Bd7 25. Na4 Nxa4 26. Rxd7 Rxb5 27. Rxb5
Rxb5 28. Bh6 Rb1+ 29. Kh2 Rb8 30. Rxe7 Nc5 31. Be3 Bf6 32. Rc7 Nd3 33. Bf1 Ne5
34. Kg2 g5 35. Be2 Rb2 36. Bh5 Kg7 37. Bd4 Kh6 38. Bxb2 Kxh5 39. Bxe5 Bxe5 40.
Rxf7 h6 41. Re7 Bd4 42. Re6 Bc5 43. g4+ 1-0

[Event "Ontario op"]
[Site "Toronto CAN"]
[Date "2010.05.24"]
[Round "6"]
[White "Florea, Alexandru"]
[Black "Aronov, Yuri"]
[Result "0-1"]
[WhiteElo "2050"]
[BlackElo "2266"]
[PlyCount "112"]
[EventDate "2010.05.22"]
[EventType "swiss"]
[EventRounds "6"]
[EventCountry "CAN"]

1. e4 c5 2. f4 d5 3. exd5 Qxd5 4. Nc3 Qd8 5. Nf3 Nf6 6. Bb5+ Bd7 7. Bxd7+ Nbxd7
8. O-O e6 9. d3 Be7 10. Qe2 O-O 11. Ne4 h6 12. Bd2 Rc8 13. Bc3 Nd5 14. Qd2 c4
15. Ne5 Nxc3 16. bxc3 f5 17. Nxd7 Qxd7 18. Ng3 cxd3 19. cxd3 Bf6 20. Ne2 Bxc3
21. Nxc3 Qd4+ 22. Qf2 Qxf2+ 23. Rxf2 Rxc3 24. Rd2 Rd8 25. Rad1 Rd4 26. g3 g5
27. fxg5 hxg5 28. Kf2 Kf7 29. Rb1 b6 30. Ke2 Kf6 31. Rbb2 e5 32. Rbc2 Rxc2 33.
Rxc2 Ra4 34. Rb2 g4 35. Rc2 Ke6 36. Rb2 Kd5 37. Ke3 Ra3 38. Kd2 Kd4 39. Rb4+
Kc5 40. Rb2 b5 41. Ke2 b4 42. Kd2 a5 43. Rc2+ Kd4 44. Rc4+ Kd5 45. Rc2 Rc3 46.
Rxc3 bxc3+ 47. Kxc3 f4 48. Kd2 a4 49. Ke2 Kd4 50. Kd2 f3 51. a3 f2 52. Ke2
f1=Q+ 53. Kxf1 Kxd3 54. Kg2 e4 55. h4 gxh3+ 56. Kxh3 e3 0-1

[Event "Ontario op"]
[Site "Toronto CAN"]
[Date "2010.05.24"]
[Round "6"]
[White "Gelis, Paul"]
[Black "Kleinman, Michael"]
[Result "1/2-1/2"]
[WhiteElo "2198"]
[BlackElo "2232"]
[PlyCount "45"]
[EventDate "2010.05.22"]
[EventType "swiss"]
[EventRounds "6"]
[EventCountry "CAN"]

1. d4 Nf6 2. Nf3 g6 3. c4 Bg7 4. Nc3 d5 5. Bg5 Ne4 6. cxd5 Nxg5 7. Nxg5 c6 8.
e3 cxd5 9. Bb5+ Bd7 10. Qf3 O-O 11. Bxd7 Nxd7 12. O-O e6 13. Nh3 Qa5 14. Nf4
Rfc8 15. Rab1 Bf8 16. Nd3 Rc4 17. h4 b5 18. h5 b4 19. hxg6 hxg6 20. Ne2 Rac8
21. Nef4 Kg7 22. g4 Qd8 23. Kg2 1/2-1/2

[Event "Ontario op"]
[Site "Toronto CAN"]
[Date "2010.05.24"]
[Round "6"]
[White "Itkin, David"]
[Black "Kagramanov, Dalia"]
[Result "1-0"]
[WhiteElo "1966"]
[BlackElo "2012"]
[PlyCount "123"]
[EventDate "2010.05.22"]
[EventType "swiss"]
[EventRounds "6"]
[EventCountry "CAN"]

1. e4 c5 2. Nc3 d6 3. f4 Nc6 4. Nf3 Nf6 5. Bc4 e6 6. d3 Be7 7. O-O O-O 8. Qe1
d5 9. Bb3 a6 10. a4 Nd4 11. e5 Nxb3 12. cxb3 Ne8 13. a5 b6 14. Bd2 b5 15. g4 d4
16. Ne4 Qd5 17. b4 c4 18. Qf2 Bb7 19. Qxd4 Qxd4+ 20. Nxd4 Rd8 21. Bc3 Nc7 22.
Nc5 Bd5 23. dxc4 Bxc4 24. Rfd1 Bd5 25. f5 Bg5 26. Bd2 Bxd2 27. Rxd2 Rfe8 28.
fxe6 fxe6 29. Rad1 Rc8 30. Rf2 Rf8 31. Rdf1 Rxf2 32. Rxf2 Rf8 33. Rxf8+ Kxf8
34. Kf2 Ke7 35. Ke3 Ba8 36. Nc2 Bc6 37. Kd4 Kd8 38. Nd3 Nd5 39. Kc5 Kc7 40. Nd4
Bd7 41. Nf2 Nf4 42. h4 Ng6 43. Nd3 Nf8 44. Nf4 Bc8 45. Nf3 g6 46. Ng5 Bd7 47.
h5 Bc8 48. hxg6 hxg6 49. Nf7 Bb7 50. Nd6 Bf3 51. Ne8+ Kd8 52. Nf6 Kc7 53. Nh3
Bc6 54. Ng5 Nd7+ 55. Nxd7 Bxd7 56. Nh7 Be8 57. Nf8 Bf7 58. g5 Be8 59. Nxe6+ Kd7
60. Nf4 Kc7 61. e6 Kb7 62. Kd6 1-0

[Event "Ontario op"]
[Site "Toronto CAN"]
[Date "2010.05.24"]
[Round "6"]
[White "Kryvoruchko, Yuriy"]
[Black "Filipovich, David"]
[Result "1/2-1/2"]
[WhiteElo "2174"]
[BlackElo "2226"]
[PlyCount "30"]
[EventDate "2010.05.22"]
[EventType "swiss"]
[EventRounds "6"]
[EventCountry "CAN"]

1. e4 g6 2. d4 Bg7 3. Nc3 c6 4. Nf3 d5 5. h3 Nf6 6. Bd3 dxe4 7. Bxe4 Nxe4 8.
Nxe4 Nd7 9. O-O O-O 10. c3 Qc7 11. Re1 c5 12. d5 Nf6 13. Bg5 Nxe4 14. Rxe4 e6
15. dxe6 Bxe6 1/2-1/2

[Event "Ontario op"]
[Site "Toronto CAN"]
[Date "2010.05.24"]
[Round "6"]
[White "Mahoney, Ian"]
[Black "Drkulec, Vladimir"]
[Result "0-1"]
[WhiteElo "1704"]
[BlackElo "2157"]
[PlyCount "38"]
[EventDate "2010.05.22"]
[EventType "swiss"]
[EventRounds "6"]
[EventCountry "CAN"]

1. d4 Nf6 2. c4 g6 3. Nc3 d5 4. cxd5 Nxd5 5. e4 Nxc3 6. bxc3 Bg7 7. Bc4 c5 8.
Ne2 Qc7 9. Bb3 Nc6 10. O-O O-O 11. Be3 Rd8 12. Rc1 b6 13. Qd2 Ba6 14. Rfd1 Rac8
15. e5 Bxe5 16. f4 Bg7 17. f5 gxf5 18. Bh6 Bxh6 19. Bxf7+ Kg7 0-1

[Event "Ontario op"]
[Site "Toronto CAN"]
[Date "2010.05.24"]
[Round "6"]
[White "Orlova, Yelizaveta"]
[Black "Wang, Jesse BJ"]
[Result "0-1"]
[WhiteElo "2028"]
[BlackElo "2053"]
[PlyCount "120"]
[EventDate "2010.05.22"]
[EventType "swiss"]
[EventRounds "6"]
[EventCountry "CAN"]

1. d4 d5 2. Nf3 Nf6 3. g3 g6 4. Bg2 Bg7 5. O-O O-O 6. Nbd2 Nbd7 7. b3 c5 8. e3
cxd4 9. exd4 Nb6 10. Bb2 Bf5 11. Ne5 Rc8 12. c4 Nfd7 13. cxd5 Nxe5 14. dxe5
Nxd5 15. Nc4 Be6 16. Qd4 b5 17. Ne3 Nxe3 18. Qxe3 Qa5 19. Bd4 Rc2 20. a3 Qd2
21. Be4 Qxe3 22. fxe3 Rc7 23. Rfb1 f6 24. exf6 Bxf6 25. a4 Bxd4 26. exd4 Rd8
27. axb5 Rxd4 28. Bc6 Rb4 29. Ra3 Bd7 30. Ra4 Rxa4 31. bxa4 Bxc6 32. Rc1 Kf7
33. bxc6 Ke6 34. Rc4 Kd5 35. Rh4 h5 36. g4 hxg4 37. Rxg4 Rxc6 38. Kg2 e5 39.
Kf3 a5 40. h3 Rc3+ 41. Kg2 Rc4 42. Rxg6 Rxa4 43. Kg3 Ra3+ 44. Kg4 Ra1 45. Ra6
a4 46. Kf5 a3 47. Ra5+ Kd4 48. Rxe5 a2 49. Ra5 Rf1+ 50. Kg6 a1=Q 51. Rxa1 Rxa1
52. h4 Rg1+ 53. Kf5 Rf1+ 54. Kg6 Ke5 55. h5 Rg1+ 56. Kf7 Rh1 57. Kg6 Ke6 58. h6
Rg1+ 59. Kh7 Kf6 60. Kh8 Kg6 0-1

[Event "Ontario op"]
[Site "Toronto CAN"]
[Date "2010.05.24"]
[Round "6"]
[White "Sambuev, Bator"]
[Black "Smith, Bryan"]
[Result "1/2-1/2"]
[WhiteElo "2612"]
[BlackElo "2296"]
[PlyCount "42"]
[EventDate "2010.05.22"]
[EventType "swiss"]
[EventRounds "6"]
[EventCountry "CAN"]

1. d4 Nf6 2. c4 e6 3. Nc3 Bb4 4. e3 c5 5. Nf3 Nc6 6. Bd3 Bxc3+ 7. bxc3 d6 8. e4
e5 9. d5 Ne7 10. h3 Ng6 11. Bg5 h6 12. Be3 Qa5 13. Qc2 O-O 14. Nd2 Nh5 15. g3
Qc7 16. Nf1 Bd7 17. Be2 Nf6 18. Bd2 Rae8 19. Ne3 Qc8 20. h4 Ne7 21. h5 Ng4
1/2-1/2

[Event "Ontario op"]
[Site "Toronto CAN"]
[Date "2010.05.24"]
[Round "6"]
[White "Sapozhnikov, Roman"]
[Black "Henry, Liam"]
[Result "1/2-1/2"]
[WhiteElo "2436"]
[BlackElo "2295"]
[PlyCount "107"]
[EventDate "2010.05.22"]
[EventType "swiss"]
[EventRounds "6"]
[EventCountry "CAN"]

1. e4 c5 2. Nf3 d6 3. d4 cxd4 4. Nxd4 Nf6 5. Nc3 a6 6. Bg5 e6 7. f4 Be7 8. Qf3
Qc7 9. O-O-O Nbd7 10. Bd3 h6 11. Bh4 g5 12. fxg5 Ne5 13. Qe2 Nfg4 14. Nf3 hxg5
15. Bg3 Bd7 16. h3 Nxf3 17. hxg4 Nh4 18. Rdf1 Rf8 19. Rf2 Ng6 20. Rh7 Ne5 21.
Bxe5 dxe5 22. Qf1 O-O-O 23. Rhxf7 Rxf7 24. Rxf7 Qd6 25. a3 Rf8 26. Rxf8+ Bxf8
27. Qf6 Be7 28. Qf7 Bd8 29. Ne2 Qe7 30. Qf2 Qf6 31. Qg1 Bc7 32. Kb1 Qf8 33. Ka2
Bd8 34. Qh2 Qf6 35. Qg1 Qf8 36. Nc1 Qd6 37. Nb3 Bb6 38. Qe1 Ba4 39. Nd2 Qc5 40.
Nc4 Bc7 41. Nd2 Bb6 42. b3 Qc3 43. bxa4 Bd4 44. Qc1 Be3 45. Nb1 Qxd3 46. cxd3+
Bxc1 47. Kb3 Kc7 48. a5 Kc6 49. Kc4 Be3 50. a4 Kd6 51. Na3 Bc1 52. Nb1 Be3 53.
Kb4 Kc6 54. Kc4 1/2-1/2

[Event "Ontario op"]
[Site "Toronto CAN"]
[Date "2010.05.24"]
[Round "6"]
[White "Southam, David"]
[Black "Grigorescu, Laurentiu"]
[Result "0-1"]
[WhiteElo "2119"]
[BlackElo "2004"]
[PlyCount "123"]
[EventDate "2010.05.22"]
[EventType "swiss"]
[EventRounds "6"]
[EventCountry "CAN"]

1. d4 Nf6 2. c4 d6 3. Nc3 Nbd7 4. e4 e5 5. Nf3 Be7 6. Be2 O-O 7. O-O Ne8 8. Nd5
c6 9. Nxe7+ Qxe7 10. Bd3 h6 11. Re1 c5 12. d5 Ndf6 13. Nd2 Nh7 14. Nf1 g5 15.
g4 Qf6 16. Ng3 Ng7 17. Nf5 Rd8 18. h4 Nxf5 19. gxf5 Kf8 20. Qh5 Ke7 21. Kf1 Qg7
22. hxg5 hxg5 23. Ke2 Rg8 24. Rh1 Nf6 25. Qh6 Bd7 26. Bd2 Qxh6 27. Rxh6 g4 28.
b4 b6 29. bxc5 bxc5 30. Rb1 Bc8 31. Be3 Nd7 32. a4 Ba6 33. a5 Rh8 34. Rbh1 Rxh6
35. Rxh6 Rg8 36. Kf1 Bc8 37. Kg2 Nb8 38. Kg3 Na6 39. Rh4 Nb4 40. Be2 Nc2 41.
Rh1 Nxe3 42. fxe3 Ba6 43. Rb1 Kf6 44. Rh1 Ke7 45. Rh6 Bc8 46. Bxg4 Ba6 47. f6+
Ke8 48. Kf3 Bxc4 49. Bf5 Bd3 50. Rh2 Kd8 51. Rh7 Rf8 52. Kg4 c4 53. Rh1 c3 54.
Rc1 c2 55. Kf3 Rh8 56. Kf2 Rh6 57. Ke1 Rh2 58. a6 Bxa6 59. Be6 Ke8 60. Bf5 Bd3
61. Bg4 Bxe4 62. Be2 0-1

[Event "Ontario op"]
[Site "Toronto CAN"]
[Date "2010.05.24"]
[Round "6"]
[White "Tonakanian, Stephan"]
[Black "Tang, Leslie"]
[Result "1-0"]
[WhiteElo "2008"]
[BlackElo "1612"]
[PlyCount "69"]
[EventDate "2010.05.22"]
[EventType "swiss"]
[EventRounds "6"]
[EventCountry "CAN"]

1. d4 Nf6 2. Nf3 e6 3. g3 d5 4. Bg2 Be7 5. O-O O-O 6. c4 Re8 7. b3 Nbd7 8. Bb2
c5 9. e3 b6 10. Ne5 Bb7 11. Nd2 h6 12. f4 Ne4 13. Nxe4 dxe4 14. Qh5 Rf8 15.
Rad1 Nf6 16. Qh3 Qc7 17. g4 Nh7 18. d5 exd5 19. cxd5 Rad8 20. Bxe4 Nf6 21. Bb1
Bc8 22. Qg2 Nh7 23. Qc2 f5 24. Rf2 Bd6 25. Rg2 Rde8 26. gxf5 Bxf5 27. Qxf5 Rxf5
28. Bxf5 Nf6 29. Be6+ Kh7 30. Nf7 Be7 31. Be5 Qb7 32. d6 Qf3 33. Re1 Bxd6 34.
Bxf6 gxf6 35. Bf5# 1-0

[Event "Ontario op U1600"]
[Site "Toronto CAN"]
[Date "2010.05.22"]
[Round "1"]
[White "McCleary, Rick"]
[Black "Karpik, Steve"]
[Result "0-1"]
[WhiteElo "1158"]
[BlackElo "1494"]
[PlyCount "88"]
[EventDate "2010.05.22"]
[EventType "swiss"]
[EventRounds "6"]
[EventCountry "CAN"]

1. d4 d6 2. Nc3 Nf6 3. e4 g6 4. f4 Bg7 5. e5 dxe5 6. fxe5 Nd5 7. Bd2 Bf5 8. Nf3
Nb4 9. Rc1 O-O 10. Be2 N8c6 11. a3 Nxc2+ 12. Rxc2 Bxc2 13. Qxc2 Nxd4 14. Nxd4
Qxd4 15. Qe4 Qxe4 16. Nxe4 Bxe5 17. O-O Bxb2 18. a4 Rad8 19. Bc3 Bxc3 20. Nxc3
Rd2 21. Rd1 Rfd8 22. Rxd2 Rxd2 23. Kf1 c6 24. Ne4 Ra2 25. Bd1 b6 26. Ng5 Kg7
27. Bb3 Ra1+ 28. Kf2 e6 29. g4 Ra3 30. Bd1 Ra2+ 31. Kg3 Rd2 32. Bf3 c5 33. h3
c4 34. Ne4 Rd3 35. Nf2 Ra3 36. Nd1 c3 37. Nxc3 Rxc3 38. h4 a6 39. h5 b5 40.
axb5 axb5 41. Kf4 b4 42. Bd1 b3 43. Bxb3 Rxb3 44. hxg6 hxg6 0-1

[Event "Ontario op U1600"]
[Site "Toronto CAN"]
[Date "2010.05.22"]
[Round "1"]
[White "Pancer, Jeff"]
[Black "Li, Qiang"]
[Result "0-1"]
[WhiteElo "1238"]
[BlackElo "1539"]
[PlyCount "40"]
[EventDate "2010.05.22"]
[EventType "swiss"]
[EventRounds "6"]
[EventCountry "CAN"]

1. g4 d5 2. e3 e5 3. d4 e4 4. h3 Bd6 5. a3 Ne7 6. b3 Be6 7. Bb2 Nd7 8. Nc3 a6
9. Bg2 Ng6 10. Nxe4 dxe4 11. Bxe4 c6 12. Nf3 Nf6 13. Bd3 Bd5 14. Kd2 Ne4+ 15.
Bxe4 Bxe4 16. Rg1 Qf6 17. g5 Qxf3 18. Qxf3 Bxf3 19. d5 Be5 20. c3 O-O-O 0-1

[Event "Ontario op U1600"]
[Site "Toronto CAN"]
[Date "2010.05.22"]
[Round "1"]
[White "Rogers, Michael"]
[Black "Villaluz, Ernesto"]
[Result "1-0"]
[WhiteElo "1536"]
[BlackElo "1204"]
[PlyCount "38"]
[EventDate "2010.05.22"]
[EventType "swiss"]
[EventRounds "6"]
[EventCountry "CAN"]

1. e4 c5 2. Nf3 d6 3. d4 cxd4 4. Nxd4 Nd7 5. Bc4 a6 6. Nc3 b5 7. Bd5 Ra7 8. Nc6
Qc7 9. Nxa7 Qxa7 10. Be3 Qb8 11. Qd3 Ne5 12. Qe2 Bb7 13. Bxb7 Qxb7 14. f3 Nf6
15. O-O Nc4 16. b3 Nxe3 17. Qxe3 g6 18. Rad1 h5 19. Nd5 Nxd5 1-0

[Event "Ontario op U1600"]
[Site "Toronto CAN"]
[Date "2010.05.22"]
[Round "2"]
[White "Karpik, Steve"]
[Black "Zhang, John"]
[Result "1-0"]
[WhiteElo "1495"]
[BlackElo "1076"]
[PlyCount "93"]
[EventDate "2010.05.22"]
[EventType "swiss"]
[EventRounds "6"]
[EventCountry "CAN"]

1. Nf3 Nf6 2. g3 Nc6 3. c4 d6 4. Nc3 g6 5. Bg2 Bg7 6. d3 O-O 7. Bd2 e5 8. Qc1
Be6 9. b3 Qd7 10. O-O Rfe8 11. Rb1 Rad8 12. b4 Bh3 13. b5 Nd4 14. Nxd4 exd4 15.
Nd5 Rxe2 16. Bg5 Bxg2 17. Kxg2 Qf5 18. Bxf6 Bxf6 19. Rb2 Rxb2 20. Qxb2 Rd7 21.
Qe2 Be5 22. f4 Kg7 23. fxe5 Qxe5 24. Qxe5+ dxe5 25. Nf6 Re7 26. g4 Re6 27. g5
a6 28. a4 axb5 29. axb5 c6 30. Rb1 h6 31. h4 c5 32. Ra1 hxg5 33. hxg5 Kf8 34.
Ra8+ Ke7 35. Re8+ Kd6 36. Rxe6+ Kxe6 37. Kf3 Ke7 38. Ke4 Ke6 39. Nd5 f5+ 40.
gxf6 g5 41. f7 Kxf7 42. Kxe5 g4 43. Kf4 Kg7 44. Kxg4 Kg6 45. Kf4 Kh5 46. Nf6+
Kg6 47. Nd7 1-0

[Event "Ontario op U1600"]
[Site "Toronto CAN"]
[Date "2010.05.23"]
[Round "3"]
[White "Yang, Jerry"]
[Black "Karpik, Steve"]
[Result "0-1"]
[WhiteElo "1575"]
[BlackElo "1495"]
[PlyCount "54"]
[EventDate "2010.05.22"]
[EventType "swiss"]
[EventRounds "6"]
[EventCountry "CAN"]

1. c4 c5 2. d4 cxd4 3. Nf3 Nc6 4. Nxd4 Nxd4 5. Qxd4 Nf6 6. Nc3 g6 7. e4 d6 8.
Bg5 Bg7 9. O-O-O O-O 10. Qd2 Be6 11. f3 a6 12. g4 Qc7 13. Nd5 Bxd5 14. exd5 b5
15. h4 bxc4 16. h5 c3 17. bxc3 Nxd5 18. c4 Nb6 19. hxg6 Nxc4 20. gxh7+ Kh8 21.
Bxc4 Qxc4+ 22. Qc2 Qb4 23. Qb3 Rfc8+ 24. Kb1 Qa5 25. Bd2 Qe5 26. Bc3 Rxc3 27.
Qb7 Rcc8 0-1

[Event "Ontario op U1600"]
[Site "Toronto CAN"]
[Date "2010.05.23"]
[Round "4"]
[White "Aghamalian, Derick"]
[Black "Yang, Jerry"]
[Result "1-0"]
[WhiteElo "1328"]
[BlackElo "1575"]
[PlyCount "64"]
[EventDate "2010.05.22"]
[EventType "swiss"]
[EventRounds "6"]
[EventCountry "CAN"]

1. e4 c6 2. d4 d5 3. Nc3 dxe4 4. Nxe4 Nf6 5. Qd3 g6 6. Nxf6+ exf6 7. Nf3 Bf5 8.
Qe3+ Be7 9. Bd3 Bxd3 10. Qxd3 O-O 11. O-O Re8 12. Re1 Nd7 13. Bf4 Qb6 14. b3
Rad8 15. c3 Nf8 16. Re2 Ne6 17. Bg3 f5 18. h4 f4 19. Bh2 c5 20. d5 Qd6 21. c4
Bf6 22. Rae1 Rf8 23. Qe4 Ng7 24. Qxf4 Qxf4 25. Bxf4 Nf5 26. g3 Bd4 27. Be5 Bxe5
28. Rxe5 h5 29. Nd2 Nd4 30. Kg2 b6 31. Re7 a5 32. Rb7 Rd6 1-0